01254nam a2200253 a 4500001001000000003000900010005001700019007000300036008004100039020001800080040002500098082001400123245012500137260003800262300002100300505047500321586005400796700001800850700001800868700002100886700002500907700001900932710004900951000044795DO-SdBNP20240313073819.0ta150112s2014 dr 000 0 spa d a9789945412970 aDO-SdBNPbspacBNPHU 4bT772p22200aTransporte Público :by otros temas periodísticos /cMariela Mejía ... [et al.]. ; ilustración Paolar de la Cruz aSanto Domingo :bFUNGLODE,c2014. a120 p. ;c23 cm.0 gPrimer lugartTransporte públicorMariela Mejía y Tania MolinagSegundo lugartMafia del tráfico y la trata humanarLeisy TorresgTercer lugartMadres enfrentan violencia y escollos judiciales al exigir manutenciónrFelivia MejíagMencióntNiños pedigüeños no tienen dolientesrMercedes GonzálezgMencióntEl béisbol, la lotería de muchas familias dominicansrNicanor LeybagMencióntEscuelas inclusivas. Realidad a medias en RDrTania Molina aPremio FUNGLODE de periodismo Rafael Herrera 20131 aMolina, Tania1 aTorres, Leisy1 aMejía, Felivia1 aGonzález, Mercedes1 aLeyba, Nicanor2 aFundación Global Democracía y Desarrollo